000 00391 a2200157 4500
001 195079
020 _a978-85-7676-105-2
040 _cMagnum
100 _aStine, Robert Lawrence
240 1 0 _aGoosebumps: o latido do cão fantasma
_lpor
245 1 0 _aGoosebumps: o latido do cão fantasma
300 _a88
362 0 _a2009
697 _aLITERATURA JUVENIL ESTRANGEIRA
942 _cBK
999 _c195079
_d195079